| 000 | 00764cam a22002651 4500 | ||
|---|---|---|---|
| 001 | 9865526 | ||
| 005 | 20240311141058.0 | ||
| 008 | 790108s1963 ii 000 1 urds | ||
| 010 | _asa 65009703 | ||
| 035 | _a(OCoLC)4530228 | ||
| 040 |
_aDLC _cNSbSU _dDLC |
||
| 042 | _apremarc | ||
| 050 | 0 | 0 |
_aPK2200.S428 _bH3 |
| 082 |
_a891.4397 _bSHA |
||
| 100 | 0 |
_aShafīqurraḥmān, _d1920-1999. _93091 |
|
| 245 | 1 | 0 |
_aHamāqaten̲. _c[musannif] Shafiqurraḥman. |
| 260 |
_aDihlī _bSikandar Buk Dipū. _c[1963?] |
||
| 300 |
_a256 p. _c19 cm. |
||
| 500 | _aIn Arabic script. | ||
| 500 | _aIn Urdu. | ||
| 880 |
_6245-02\r _aحماقتیں |
||
| 880 |
_6100-01\r _aشفیق الرحمن |
||
| 906 |
_a7 _bcbc _coclcrpl _du _encip _f19 _gy-gencatlg |
||
| 942 |
_2ddc _cBK |
||
| 999 |
_c608652 _d608652 |
||